Statistics for Increasingly Harder U.S. Quiz 4

Click here to take the quiz!

General Stats

  • This quiz has been taken 1 time
  • The average score is 11 of 16

Answer Stats

QuestionAnswer% Correct
What year did British colonization start in the New World?1607
100%
What does the US rank against other countries on the Environmental Performance Index?24th
100%
What is the absolute location of Washington, D.C. to the nearest whole number?39 N, 77 W
100%
What side was the U.S. on during WWII?Allied Powers
100%
What is a nickname for the U.S.?America
100%
What is the only country that exports more than the U.S.?China
100%
What is the most common climate across the U.S.?Humid subtropical
100%
Which territory of the United States has the highest population?Puerto Rico
100%
What is the smallest U.S. state?Rhode Island
100%
True Or False: The White House was built by slaves.True
100%
What was one of the main arguments between the Confederacy and Union during the Civil War?Whether slavery should be abolished
100%
What percentage of land in the United States is part of Alaska?15%
0%
When was the Bald Eagle crowned as the national bird of the US?1782
0%
Which of the following countries does the U.S. NOT share a maritime border with?Belize
0%
In which state can you get a license to hunt a mythical being?Michigan
0%
What is a name of one of Obama's daughters?Sasha
0%

Score Distribution

Percentile by Number Answered

Percent of People with Each Score

Your Score History

You have not taken this quiz